3x3: Países - Estadísticas

Estadísticas generales
  • Esta prueba ha sido intentada 745 veces
  • La puntuación promedio es 4 de 9
Estadísticas de respuestas
Pista Respuesta % Correcto
País de África | Más Cercano a España Marruecos
91%
País sin frontera al mar | Más Cercano a España Andorra
83%
País de África | Más Poblado Nigeria
75%
País Insular | Más Cercano a España Reino Unido
70%
País Insular | Más Poblado Indonesia
56%
País sin frontera al mar | Más Poblado Etiopía
25%
País sin frontera al mar | Más denso Ciudad del Vaticano
19%
País Insular | Más Denso Singapur
18%
País de África | Más Denso Mauricio
9%
No se encontraron pruebas coincidentes
Distribución de puntuación
Porcentaje de gente con cada puntuación
Porcentaje por número respondido
Historial de tus puntuaciones
No has intentado esta prueba.